000 00620nam a22002057a 4500
005 20251108173635.0
008 250721s2004 xx 000 0 ara d
082 1 4 _a303.625/شحا
100 1 _aشحادة، محمد نور الدين
245 1 0 _aأكابر مجرميها /
264 1 _aعمان :
_bمكتبة الرائد العلمية،
_c2004.
300 _a117 ص.
650 1 7 _aالإرهاب
650 1 7 _aالجريمة
650 1 7 _aالبلدان العربية
650 1 7 _aالمشاكل السياسية
650 1 7 _aالجرائم الدولية
942 _2ddc
_cBK
999 _c108775
_d108775